00861nam a22002412 450000100060000000300080000600500170001400800410003103500190007204000270009104100080011808200210012610000290014724501060017626000310028230000340031350400370034765000320038465000320041694200120044899900170046095201420047716225BD-RjUL20211208235959.0140211s1963 enka b 001 0 eng u a(BD-RjUL)16280 cCSUdBD-RjULaCSUbeng aeng00a669.94bLER 19631 aLeymonie, Claude.95018710aRadioactive tracers in physical metallurgy /cForeword by P. Lacombe. Translated by Vernon Griffiths. aLondon :bChapman,cc1963. axiv, 208p. :billus. ;c23cm. aIncludes bibliography and index. 0aPhysical metallurgy.949821 0aRadioactive tracers.950188 2ddccBK c16225d16225 00102ddc40718NFICaRUCLbRUCLcReadingd1969-01-15eBook Centre.g40.00l0o669.94 LER 1963r2014-02-11 00:00:00tC-1w2014-02-11yBK